Statistics for Countries That France Doesn't Have An Embassy In

Click here to take the quiz!

General Stats

  • This quiz has been taken 39 times
  • The average score is 25 of 34

Answer Stats

ContinentAnswer% Correct
North AmericaBarbados
91%
North AmericaSaint Kitts and Nevis
91%
North AmericaSaint Vincent and the Grenadines
91%
OceaniaTuvalu
88%
North AmericaAntigua and Barbuda
84%
OceaniaPalau
84%
North AmericaDominica
81%
South AmericaGuyana
81%
OceaniaMarshall Islands
81%
OceaniaMicronesia
81%
North AmericaSaint Lucia
81%
OceaniaTonga
81%
North AmericaGrenada
78%
OceaniaSolomon Islands
78%
North AmericaBelize
75%
AsiaBhutan
75%
AfricaEswatini
75%
OceaniaKiribati
75%
OceaniaNauru
75%
AfricaSao Tome and Principe
75%
North AmericaBahamas
72%
AsiaNorth Korea
72%
AsiaYemen
72%
AsiaEast Timor
69%
AsiaMaldives
69%
AsiaAfghanistan
66%
AfricaLesotho
66%
EuropeLiechtenstein
63%
AfricaGambia
59%
AsiaSyria
59%
AsiaTaiwan
56%
AfricaMalawi
50%
AfricaSierra Leone
34%
AfricaSomalia
34%

Score Distribution

Percentile by Number Answered

Percent of People with Each Score

Your Score History

You have not taken this quiz